| 000 | 00394nam a22001457a 4500 | ||
|---|---|---|---|
| 082 | _aP-474 | ||
| 100 |
_aRana Mamoon ahmed _948268 |
||
| 245 |
_aAutomation of 50 ton universal testing machine _cRana Mamoon ahmed, Ameer Hamza |
||
| 260 |
_aRisalpur _bMCE _c2011 |
||
| 300 | _a59 p. | ||
| 526 |
_a0 _b0 _c0 _dP_474 |
||
| 650 | _aProject | ||
| 700 |
_aDr Muhammad Rizwan _934659 |
||
| 942 |
_2ddc _cBK |
||
| 999 |
_c551262 _d551262 |
||